书目信息 |
| 题名: |
说水浒 讲哲学
|
|
| 作者: | ;《说水浒讲哲学》编写组 编 | |
| 分册: | ||
| 出版信息: | 石家庄 河北人民出版社 1982.01 |
|
| 页数: | 111页 | |
| 开本: | 20cm | |
| 丛书名: | ||
| 单 册: | ||
| 中图分类: | B017 | |
| 科图分类: | ||
| 主题词: | 认识论 | |
| 电子资源: | ||
| ISBN: | ||
| 000 | 00569nam0 2200193 45 | |
| 001 | 0181024009 | |
| 005 | 20060913152046.03 | |
| 010 | @dCNY0.30 | |
| 091 | @a2086.34 | |
| 100 | @a20810111d km y0chiy0120 ea | |
| 101 | 0 | @achi |
| 200 | 1 | @a说水浒 讲哲学@ASHUO SHUI HU JIANG ZHE XUE@f《说水浒 讲哲学》编写组编@F《Shuo Shui Hu Jiang Zhe Xue》Bian Xie Zu Bian |
| 210 | @a石家庄@c河北人民出版社@d1982.01 | |
| 215 | @a111页@d20cm | |
| 606 | 0 | @a认识论 |
| 690 | @aB017@v3 | |
| 711 | 02 | @a《说水浒讲哲学》编写组@4编 |
| 801 | @aCN@bTSTC@c20060913 | |
| 905 | @dB017@e14@f1@b72067 | |
| 说水浒 讲哲学/《说水浒 讲哲学》编写组编.-石家庄:河北人民出版社,1982.01 |
| 111页;20cm |
| ISBN :CNY0.30 |
| ● |
| 相关链接 |
|
|
|
|
正题名:说水浒 讲哲学
索取号:B017/14
 
预约/预借
| 序号 | 登录号 | 条形码 | 馆藏地/架位号 | 状态 | 备注 |
| 1 | 0072065 | 001389134 | 密集书库/ [索取号:B017/14] | 在馆 | |
| 2 | 0072066 | 001389198 | 密集书库/ [索取号:B017/14] | 在馆 | |
| 3 | 0072067 | 001389189 | 第一样本阅览室/ [索取号:B017/14] | 在馆 | |
| 4 | 0441865 | 204418656 | 密集书库/ [索取号:B017/14] | 在馆 | |
| 5 | 0447218 | 204472187 | 密集书库/ [索取号:B017/14] | 在馆 | |
| 6 | 0447268 | 204472686 | 密集书库/ [索取号:B017/14] | 在馆 | |
| 7 | 0474212 | 204742127 | 密集书库/ [索取号:B017/14] | 在馆 | |
| 8 | 0474307 | 204743073 | 密集书库/ [索取号:B017/14] | 在馆 |